000
00246nam a2200097Ia 4500
001
645295
005
20250826153621.0
008
250824s9999 xx 000 0 und d
245
0
_a
21 Hediye Perisi Sevinç
_c
DAISY MEADOWS
260
_b
BEYAZ BALİNA
999
_c
645295
_d
645295